The Geometry of Fractal Sets

Αποθηκεύτηκε σε:
Λεπτομέρειες βιβλιογραφικής εγγραφής
Κύριος συγγραφέας: Falconer, Kenneth J.
Μορφή: Βιβλίο
Γλώσσα:English
Δημοσίευση: Cambridge : Cambridge University Press, 1992
Σειρά:Cambridge tracts in mathematics ; ; 85
Θέματα:
Ετικέτες: Προσθήκη ετικέτας
Δεν υπάρχουν, Καταχωρήστε ετικέτα πρώτοι!

MARC

LEADER 00000nam a2200000 i 4500
001 1/37454
008 941103s1992 eng d
020 |a 0-521-33705-4 
035 |a 1993  |c ΚΩΤΣΑΚΗΣ  |l 10040514 
035 |a 1993  |c ΧΑΤΖΗΣΑΒΒΑΣ 
040 |a GR-MY-UA  |b gre  |e aacr 
041 0 |a eng 
082 0 |a 515.73 
100 1 |a Falconer, Kenneth J. 
245 1 4 |a The Geometry of Fractal Sets /  |c K.J. Falconer 
260 |a Cambridge :   |b Cambridge University Press,   |c 1992 
300 |a 162 p.;  |c 23 cm. 
490 1 |a Cambridge tracts in mathematics  |v ; 85 
500 |a Includes bibliographical references and index 
650 0 0 |a Geometry. 
650 0 0 |a Measure theory. 
830 0 |a Cambridge tracts in mathematics ;  |v ; 85 
852 |a INST  |b SAMOS  |e 19941103  |h 515.73 FAL  |p 005300003053  |q 005300003053  |t BK  |y 0 
852 |a INST  |b SAMOS  |e 19941103  |h 515.73 FAL  |p 005300004222  |q 005300004222  |t BK  |y 0 
909 |a Σ  |b 025196 
909 |a Σ  |b 026887